Bienvenue au Catalogue en Ligne des Bibliothèques de l'Universite du Burundi

Impact de la liberaion des Echanges commerciaux et des investissements directs etrangers sur la croissance Economique en Afrique subsaharienne (2000-2023) (Record no. 53966)

000 -GUIDE
Champ de contrôle de longueur fixe 01133nam a22002417a 4500
003 - IDENTITÉ DU NUMÉRO DE CONTRÔLE
Champ de contrôle BI-BuBU
008 - ÉLÉMENTS DE LONGUEUR FIXE - RENSEIGNEMENTS GÉNÉRAUX
Champ de contrôle de longueur fixe 260603b2025 bd fr|||| 000 0 fre d
037 ## - SOURCE D'ACQUISITION
Source d'acquisition et du numéro d'inventaire don
039 ## - NIVEAU DE CONTRÔLE BIBLIOGRAPHIQUE ET HISTORIQUE D'ENCODAGE [OBSOLETE]
Date creation 20260603095751.0
Nom catalographe Joëlla Nshimirimana
040 ## - SOURCE DU CATALOGAGE
Organisme qui a effectué le catalogage original BI-BuBU
Organisme qui a effectué la transcription BI-BuBU
Organisme qui a effectué la modification BI-BuBU
080 ## - INDICE DE LA CLASSIFICATION DÉCIMALE UNIVERSELLE (CDU)
Identificateur de l'édition 347.752
100 1# - VEDETTE PRINCIPALE - NOM DE PERSONNE
Code de relation aut.
Nom de personne Arakaza ,Aristide
245 10 - MENTION DU TITRE
Titre Impact de la liberaion des Echanges commerciaux et des investissements directs etrangers sur la croissance Economique en Afrique subsaharienne (2000-2023)
Mention de responsabilité, etc. Aristide Arakaza; Gilbert Niyongabo,directeur
260 ## - PUBLICATION, DIFFUSION, ETC. (ADRESSE BIBLIOGRAPHIQUE)
Lieu de publication, diffusion, etc. Bujumbura
Nom de l'éditeur, diffuseur, etc. Université du Burundi, Faculté des Sciences et de Gestion
Date of publication, distribution, etc 2025
300 ## - DESCRIPTION MATÉRIELLE
Collation XIII-90 f.
Dimensions 30 cm.
502 ## - NOTE DE THÈSE OU MÉMOIRE
Note de thèse Mémoire présenté et Défendu publiquement en vue d'obtention du diplôme de master en Analyse Economique et Développement<br/>Option : Analyse Economique
650 #7 - VEDETTE-MATIÈRE - NOM COMMUN
Source du terme BI-BuBU
Vedette de sujet ou nom géographique comme élément de classement Echanges Commerciaux
Subdivision générale croissance Economique
650 #7 - VEDETTE-MATIÈRE - NOM COMMUN
Source du terme BI-BuBU
Vedette de sujet ou vedette comportant un nom géographique Investissement direct étranger
Subdivision générale croissance Economique
655 #7 - TERME D'INDEXATION - GENRE OU FORME
Source du terme BI-BuBU
Données ou terme dominant sur le genre ou la forme memoire
700 1# - VEDETTE SECONDAIRE - NOM DE PERSONNE
Code de relation dir.
Nom d'auteur Niyongabo,Gilbert
710 ## - VEDETTE SECONDAIRE - NOM DE COLLECTIVITÉ
Code de relation aut.
Nom de la collectivité ou nom de lieu comme élément de classement Faculté des Sciences et de Gestion
942 ## - ÉLÉMENTS D'ENTRÉE ADDITIONNELLE (KOHA)
Source de la classification ou du système de rangement
Type d item koha Memoire
Holdings
Statut de retrait Statut de perte Source de la classification ou du système de rangement Statut de déterioration Exclu du prêt Numéro d item Koha Localisation permanente Localisation actuelle Date d'acquisition Source d'acquisition Nombre de prêts Cote Code-barres Date last seen Prix en vigueur à partir du Type d item koha
          85819 Bibliothèque Centrale Bibliothèque Centrale 03/06/2026 don de l'auteur   347.752 ARA. 5010000672812 03/06/2026 03/06/2026 Memoire
© 2019-2026 - Bibliothèques de l'Université du Burundi |Tous droits réservés
home | Pour toute information urgente Contactez nous | tel whatsupp: +25779204313